000 00518nmm a2200169Ia 4500
008 251105s9999||||xx |||||||||||||||||und||
020 _a9789681673680
041 _aspa
100 _aFrenk, Margarit
245 0 _aPoesía popular hispánica :
_b 44 estudios
264 _a[México D.C., Mexico] :
_bFondo de Cultura Económica,
_c2013
300 _a835 páginas
490 _aLengua y Estudios Literarios
650 _aSpanish literature
856 _uhttps://public.digitaliapublishing.com/a/43460
942 _cCF
999 _c96988
_d96988